000 00292nam a22001217a 4500
008 170925b xxu||||| |||| 00| 0 eng d
041 _aeng
080 _a37
100 _a46
101 _aEDU
245 _aCOLLEGE TEACHING FROM THEORY TO PRACTICE
_cMENGERS.R.J.
942 _2udc
_cBK
999 _c29591
_d29591